<?xml version="1.0" encoding="UTF-8"?><?xml-stylesheet type="text/xsl" href="static/style.xsl"?><OAI-PMH xmlns="http://www.openarchives.org/OAI/2.0/" xmlns:xsi="http://www.w3.org/2001/XMLSchema-instance" xsi:schemaLocation="http://www.openarchives.org/OAI/2.0/ http://www.openarchives.org/OAI/2.0/OAI-PMH.xsd"><responseDate>2026-06-29T02:42:24Z</responseDate><request verb="GetRecord" identifier="oai:docta.ucm.es:20.500.14352/133850" metadataPrefix="marc">https://docta.ucm.es/rest/oai/request</request><GetRecord><record><header><identifier>oai:docta.ucm.es:20.500.14352/133850</identifier><datestamp>2026-03-07T00:53:44Z</datestamp><setSpec>com_20.500.14352_14</setSpec><setSpec>col_20.500.14352_15</setSpec></header><metadata><record xmlns="http://www.loc.gov/MARC21/slim" xmlns:dcterms="http://purl.org/dc/terms/" xmlns:xsi="http://www.w3.org/2001/XMLSchema-instance" xmlns:doc="http://www.lyncode.com/xoai" xsi:schemaLocation="http://www.loc.gov/MARC21/slim http://www.loc.gov/standards/marcxml/schema/MARC21slim.xsd">
   <leader>00925njm 22002777a 4500</leader>
   <datafield ind2=" " ind1=" " tag="042">
      <subfield code="a">dc</subfield>
   </datafield>
   <datafield ind2=" " ind1=" " tag="720">
      <subfield code="a">Vicente-Gil, Samuel</subfield>
      <subfield code="e">author</subfield>
   </datafield>
   <datafield ind2=" " ind1=" " tag="720">
      <subfield code="a">Morel, Esther</subfield>
      <subfield code="e">author</subfield>
   </datafield>
   <datafield ind2=" " ind1=" " tag="720">
      <subfield code="a">Guedes, Bárbara</subfield>
      <subfield code="e">author</subfield>
   </datafield>
   <datafield ind2=" " ind1=" " tag="720">
      <subfield code="a">Gonçalves, Gabriela</subfield>
      <subfield code="e">author</subfield>
   </datafield>
   <datafield ind2=" " ind1=" " tag="720">
      <subfield code="a">Santos, Rafaela</subfield>
      <subfield code="e">author</subfield>
   </datafield>
   <datafield ind2=" " ind1=" " tag="720">
      <subfield code="a">Nogales-Mérida, Silvia</subfield>
      <subfield code="e">author</subfield>
   </datafield>
   <datafield ind2=" " ind1=" " tag="720">
      <subfield code="a">Serra, Claudia</subfield>
      <subfield code="e">author</subfield>
   </datafield>
   <datafield ind2=" " ind1=" " tag="720">
      <subfield code="a">Díaz-Rosales, Patricia</subfield>
      <subfield code="e">author</subfield>
   </datafield>
   <datafield ind2=" " ind1=" " tag="720">
      <subfield code="a">Tafalla, Carolina</subfield>
      <subfield code="e">author</subfield>
   </datafield>
   <datafield ind2=" " ind1=" " tag="260">
      <subfield code="c">2026</subfield>
   </datafield>
   <datafield ind2=" " ind1=" " tag="520">
      <subfield code="a">Although the positive effects of probiotics on the general immune status of aquacultured fish has been widely demonstrated using different probiotic strains and fish species, whether probiotics specifically stimulate antiviral responses has only been scarcely addressed. To provide more insights into this matter, we have investigated the capacity of Bacillus subtilis to modulate the transcription of a range on genes related to antiviral responses in rainbow trout (Oncorhynchus mykiss) through two independent experiments. In the first one, fish were fed a B. subtilis-supplemented diet or a control diet and after 15 or 45 days the levels of transcription of these genes evaluated in kidney and spleen. In the second experiment, fish were fed either of the diets and after 30 days, sacrificed and kidney and spleen leukocytes isolated. These leukocytes were then exposed in vitro to either Poly I:C (an analogue of double stranded RNA) or inactivated viral hemorrhagic septicemia virus (VSHV) (or left untreated). After 24 h of incubation, RNA was extracted from these cultures and the levels of transcription of the antiviral genes analyzed. Our results demonstrate that although the supplemented diet had a faint direct effect on the levels of transcription of these genes in spleen and kidney, it significantly increased the transcriptional response of leukocytes to posterior viral stimuli, pointing to the second method as a more suitable approach to screen for antiviral effects and providing novel insights on the capacity of this probiotic strain to up-regulate antiviral responses</subfield>
   </datafield>
   <datafield ind1="8" ind2=" " tag="024">
      <subfield code="a">Vicente-Gil, S., Morel, E., Guedes, B., Gonçalves, G., Santos, R., Nogales-Mérida, S., Serra, C., Díaz-Rosales, P., &amp; Tafalla, C. (2026). Bacillus subtilis spores influence the capacity of rainbow trout leukocytes to respond to a posterior viral encounter. Fish &amp; shellfish immunology, 171, 111207. https://doi.org/10.1016/j.fsi.2026.111207</subfield>
   </datafield>
   <datafield ind1="8" ind2=" " tag="024">
      <subfield code="a">1050-4648</subfield>
   </datafield>
   <datafield ind1="8" ind2=" " tag="024">
      <subfield code="a">10.1016/j.fsi.2026.111207</subfield>
   </datafield>
   <datafield ind1="8" ind2=" " tag="024">
      <subfield code="a">https://hdl.handle.net/20.500.14352/133850</subfield>
   </datafield>
   <datafield ind1="8" ind2=" " tag="024">
      <subfield code="a">https://doi.org/10.1016/j.fsi.2026.111207</subfield>
   </datafield>
   <datafield ind1="8" ind2=" " tag="024">
      <subfield code="a">41687751</subfield>
   </datafield>
   <datafield ind1="8" ind2=" " tag="024">
      <subfield code="a">https://pubmed.ncbi.nlm.nih.gov/41687751/</subfield>
   </datafield>
   <datafield ind2="0" ind1="0" tag="245">
      <subfield code="a">Bacillus subtilis spores influence the capacity of rainbow trout leukocytes to respond to a posterior viral encounter</subfield>
   </datafield>
</record></metadata></record></GetRecord></OAI-PMH>